=LDR 00000nam 2200000 4500 =001 INLIS000000000050470 =005 20170505085003 =035 ##$$a 0010-0517000123 =007 ta =008 170505###########################0###### =020 ##$$a 978-602-9212-33-4 =082 ##$$a 658.401 =084 ##$$a 658.401 LEE t =100 #$$a Lee, Jennifer =245 1#$$a The Right-Brain Business Plan : $b Peta Visual Kreatif Untuk Sukses /$c Lee, Jennifer =250 ##$$a Cet.1 =260 ##$$a Solo :$b Metagraf,$c 2012 =300 ##$$a xiv, 258 hlm. : $b Ilus ; $c 23 cm. =650 ##$$a Bisnis =990 ##$$a 78817881 =990 ##$$a 78817881 =990 ##$$a 31700979 =990 ##$$a 02201707881 =990 ##$$a 31700979 =990 ##$$a 02201707881 =990 ##$$a 31700980 =990 ##$$a 31700979